| 000 | 00322nam a2200121Ia 4500 | ||
|---|---|---|---|
| 008 | 230907s9999||||xx |||||||||||||| ||und|| | ||
| 082 |
_a621.319 _bGLO |
||
| 100 |
_aGlover, J. Duncan. _9112210 |
||
| 245 | 0 | _aPower system analysis and design / | |
| 260 |
_aCengage: _bNew Delhi; _c2012 |
||
| 300 | _axx, 827p.: | ||
| 942 | _cBK | ||
| 999 |
_c600598 _d600598 |
||